000 00322 a2200157 4500
001 164628
020 _a
040 _cMagnum
100 _aJose, Elias
240 1 0 _aBicho que te quero livre
_lpor
245 1 0 _aBicho que te quero livre
362 0 _a1899
440 1 _aModerna
697 _aIJ/POESIA
942 _cBK
999 _c164628
_d164628